Normal view MARC view

Entry Personal Name

Number of records used in: 1

001 - CONTROL NUMBER

  • control field: 243449

003 - CONTROL NUMBER IDENTIFIER

  • control field: OSt

005 - DATE AND TIME OF LATEST TRANSACTION

  • control field: 20251103094742.0

008 - FIXED-LENGTH DATA ELEMENTS

  • fixed length control field: 251103|| aca||aabn | a|a d

040 ## - CATALOGING SOURCE

  • Original cataloging agency: OSt
  • Transcribing agency: OSt

100 ## - HEADING--PERSONAL NAME

  • Personal name: Derrick,Alyson

670 ## - SOURCE DATA FOUND

  • Source citation: Work cat.: (OSt)240633: Rachael Lippincott 243447, She gets the girl, 2022